00465nam a2200181 a 4500001001300000003000900013005001700022008004100039020001000080082001700090100002100107245003000128260003800158300000900196500003500205505001000240650003300250nice12345678IN_TiNIC20260116011256.0050524s1959 itha grp 000 0 eng  ac10000a320.095bHIN aHinton, Harold C aMajor Governments of Asia aIthacabCornell University c1959 a607p aincludes index and biblioraphy2 aIndex aAsia-Politics and Government